Apex Legends I Legend titles - Statistics

General Stats
  • This quiz has been taken 15 times
  • The average score is 22 of 27
Answer Stats
Epithet Legend % Correct
Proffesional Soldier Bangalore
93%
Toxic Trapper Caustic
93%
Bombastic Explosives Expert Fuse
93%
High-Speed Daredevil Octane
93%
Synthetic Nightmare Revenant
93%
Technological Tracker Bloodhound
87%
Combat Medic Lifeline
87%
Holographic Trickster Mirage
87%
Winged Avenger Valkyrie
87%
Static Defender Wattson
87%
Interdimensional Skirmisher Wraith
87%
Refined Gunslinger Ballistic
80%
Surveillance Expert Crypto
80%
Shielded Fortress Gibraltar
80%
Gravitational Manipulator Horizon
80%
Rebel Warlord Mad Maggie
80%
Heroic Defender Newcastle
80%
Forward Scout Pathfinder
80%
Amped Modder Rampart
80%
Agile Archer Sparrow
80%
Sniper Savant Vantage
80%
Shield Healer Conduit
73%
Translocating Thief Loba
73%
Ambush Artist Seer
73%
Void Breacher Alter
67%
Incisive Instigator Ash
67%
Defensive Conjurer Catalyst
60%
No matching quizzes found
Score Distribution
Percent of People with Each Score
Percentile by Number Answered
Your Score History
You have not taken this quiz